[Event "FB1 SC 1957 Bad Königshofen - Hamburge"]
[Site "?"]
[Date "2023.03.12"]
[Round "8.4"]
[White "Obolentseva, Alexandra"]
[Black "Genova, Lyubka"]
[Result "0-1"]
[WhiteElo "2310"]
[BlackElo "2212"]
[PlyCount "112"]
[EventDate "2023.??.??"]

1. d4 Nf6 2. c4 e6 3. Nc3 Bb4 4. a3 Bxc3+ 5. bxc3 b6 6. f3 d5 7. e3 O-O 8. cxd5 exd5 9. Bd3 Ba6 10. Nh3 Bxd3 11. Qxd3 Re8 12. O-O Nc6 13. Ra2 Na5 14. Re2 Nb3 15. Bb2 c5 16. Nf4 c4 17. Qc2 Qc7 18. g4 h6 19. h4 Rad8 20. Kg2 Nh7 21. Nh5 Qe7 22. Rh1 b5 23. Ng3 Qb7 24. Kf2 Re6 25. Nh5 Ree8 26. Nf4 Qd7 27. Kf1 Qe7 28. g5 hxg5 29. hxg5 Nxg5 30. Reh2 g6 31. Nxg6 Qxe3 32. Ne5 Kf8 33. Rf2 Qf4 34. Rh5 Re6 35. a4 b4 36. cxb4 Nxd4 37. Qc3 Qxe5 38. Qxd4 Qe1+ 39. Kg2 Rg6 40. Kh2 Ne6 41. Rh8+ Ke7 42. Qh4+ Kd7 43. Rxd8+ Nxd8 44. Qh3+ Ne6 45. Rg2 Rxg2+ 46. Qxg2 c3 47. Ba3 Qa1 48. f4 Qxa3 49. Qxd5+ Ke7 50. f5 Qb2+ 51. Kg3 c2 52. fxe6 Qg7+ 53. Kh3 Qh6+ 54. Kg2 Qg6+ 55. Kf2 c1=Q 56. Qd7+ Kf6 0-1

[Event "FB1 SC 1957 Bad Königshofen - Hamburge"]
[Site "?"]
[Date "2023.03.12"]
[Round "8.5"]
[White "Scognamiglio, Stefanie"]
[Black "Schöne, Maria"]
[Result "0-1"]
[WhiteElo "2056"]
[BlackElo "2187"]
[PlyCount "92"]
[EventDate "2023.??.??"]

1. e4 d6 2. d3 g6 3. g3 Bg7 4. Bg2 c5 5. Ne2 Nc6 6. O-O e6 7. c4 Nge7 8. Nbc3 O-O 9. Be3 Nd4 10. Qd2 Rb8 11. Bh6 a6 12. Bxg7 Kxg7 13. Nxd4 cxd4 14. Ne2 e5 15. h4 Ng8 16. Rfc1 b6 17. b4 Bg4 18. Rc2 Qe7 19. a4 Bxe2 20. Qxe2 a5 21. Qd2 Qa7 22. Rb2 Ne7 23. b5 Ng8 24. Bh3 Qe7 25. Rf1 Nh6 26. Qd1 Rbd8 27. Kh2 f5 28. exf5 gxf5 29. f4 Kh8 30. Qh5 Qe6 31. Re2 Rde8 32. Rfe1 Qf6 33. Qf3 Qg7 34. fxe5 dxe5 35. Qd5 Rg8 36. Rg2 Qf6 37. Qf3 Rg7 38. Qh5 Reg8 39. Qe2 Re7 40. Qf3 Reg7 41. Qh5 Ng4+ 42. Bxg4 Rxg4 43. Ree2 e4 44. dxe4 f4 45. Rd2 fxg3+ 46. Kh3 Rxh4+ 0-1

[Event "FB1 SC 1957 Bad Königshofen - Hamburge"]
[Site "?"]
[Date "2023.03.12"]
[Round "8.6"]
[White "Grineva, Marianna"]
[Black "Wulf, Constanze"]
[Result "1-0"]
[WhiteElo "2006"]
[BlackElo "1835"]
[PlyCount "73"]
[EventDate "2023.??.??"]

1. e4 d5 2. exd5 Qxd5 3. Nc3 Qd6 4. Bc4 Nf6 5. d3 a6 6. a4 Nc6 7. Nge2 Bg4 8. f3 Bf5 9. Bf4 Qd7 10. g4 e5 11. Be3 Be6 12. Bxe6 Qxe6 13. g5 Nd5 14. Nxd5 Qxd5 15. Nc3 Bb4 16. O-O Qd7 17. Ne4 O-O-O 18. Kh1 Be7 19. Qe1 Nd4 20. Qf2 f6 21. gxf6 gxf6 22. Rg1 Rhg8 23. c3 Nf5 24. Bc5 Qe6 25. Rxg8 Rxg8 26. b4 b6 27. Bxe7 Nxe7 28. a5 f5 29. Nd2 b5 30. c4 Qc6 31. cxb5 Qxb5 32. Rc1 Qxb4 33. Nc4 Ng6 34. Qa7 Qb8 35. Nb6+ Qxb6 36. axb6 Nf4 37. Qxc7# 1-0

[Event "FB1 SV Medizin Erfurt - TuRa Harksheide"]
[Site "?"]
[Date "2023.03.12"]
[Round "8.1"]
[White "Gosciniak, Maria"]
[Black "Nguyen, Ha Than"]
[Result "1-0"]
[WhiteElo "2094"]
[BlackElo "1967"]
[PlyCount "61"]
[EventDate "2023.??.??"]

1. e4 c5 2. Nf3 e6 3. d4 cxd4 4. Nxd4 Nc6 5. Nxc6 bxc6 6. Nd2 Qc7 7. Bd3 d5 8. Qe2 Nf6 9. e5 Nd7 10. Nf3 Nc5 11. O-O a5 12. Be3 Nxd3 13. cxd3 Ba6 14. Rfc1 Be7 15. Bc5 Rc8 16. Nd4 Bxc5 17. Rxc5 Qb6 18. Rac1 Bc4 19. Rxc6 Rxc6 20. Nxc6 Bb5 21. Nxa5 O-O 22. b4 Qa6 23. Qd2 Bxd3 24. a4 Bg6 25. b5 Qa7 26. Qb4 f6 27. b6 Qb8 28. Nc6 Qb7 29. Ne7+ Kh8 30. Nxg6+ hxg6 31. Qxf8+ 1-0

[Event "FB1 SV Medizin Erfurt - TuRa Harksheide"]
[Site "?"]
[Date "2023.03.12"]
[Round "8.2"]
[White "Reuter, Elisa"]
[Black "Adamowicz, Katarzyna"]
[Result "1/2-1/2"]
[WhiteElo "1924"]
[BlackElo "2088"]
[PlyCount "96"]
[EventDate "2023.??.??"]

1. e4 c5 2. Nf3 d6 3. d4 cxd4 4. Nxd4 Nf6 5. Nc3 Nc6 6. Be2 e5 7. Nb3 Be7 8. O-O O-O 9. Be3 a5 10. a4 Be6 11. Nd2 d5 12. exd5 Nxd5 13. Nxd5 Bxd5 14. Nc4 Bxc4 15. Bxc4 Qc7 16. c3 e4 17. Qb3 Bd6 18. h3 Kh8 19. Rad1 f5 20. Qb5 f4 21. Bc5 Bxc5 22. Qxc5 Rae8 23. Bb5 f3 24. Qd6 Qb6 25. Qg3 Rf6 26. Rd6 fxg2 27. Kxg2 Rf3 28. Qg4 Ref8 29. Rd2 e3 30. fxe3 Rxf1 31. Bxf1 Qxe3 32. Re2 Qc1 33. Rf2 Rxf2+ 34. Kxf2 Qxb2+ 35. Be2 Qb6+ 36. Kf1 Qd8 37. Kg2 Qd5+ 38. Kf1 Qh1+ 39. Kf2 Qh2+ 40. Kf1 Qc7 41. Qe6 Qd8 42. Bf3 Qd3+ 43. Kf2 Qd2+ 44. Kf1 Qc1+ 45. Kf2 Qd2+ 46. Kf1 Qc1+ 47. Kf2 Qd2+ 48. Kf1 Qc1+ 1/2-1/2

[Event "FB1 SV Medizin Erfurt - TuRa Harksheide"]
[Site "?"]
[Date "2023.03.12"]
[Round "8.3"]
[White "Brandt, Carina"]
[Black "Mueller-Ludwig, Kristin"]
[Result "1-0"]
[WhiteElo "2041"]
[BlackElo "2048"]
[PlyCount "61"]
[EventDate "2023.??.??"]

1. e4 e6 2. d4 d5 3. Nc3 Bb4 4. e5 Ne7 5. a3 Bxc3+ 6. bxc3 c5 7. Qg4 Qc7 8. Qxg7 Rg8 9. Qxh7 cxd4 10. Ne2 dxc3 11. f4 Nbc6 12. Qd3 d4 13. Nxd4 Nxd4 14. Qxd4 Bd7 15. Rg1 Nf5 16. Qf2 Qc6 17. Bd3 Qd5 18. Be3 Bc6 19. g4 Nxe3 20. Qxe3 Rh8 21. h3 O-O-O 22. Kf2 Qa5 23. Kg3 Rdg8 24. Be4 Qd8 25. Bxc6 Qh4+ 26. Kh2 bxc6 27. Qg3 Qh7 28. Qxc3 Qe4 29. Kg3 Rd8 30. Rad1 Qa4 31. Rd6 1-0

[Event "FB1 SV Medizin Erfurt - TuRa Harksheide"]
[Site "?"]
[Date "2023.03.12"]
[Round "8.4"]
[White "Anisheva, Varvara"]
[Black "Koehler, Inken"]
[Result "1-0"]
[WhiteElo "2086"]
[BlackElo "1995"]
[PlyCount "61"]
[EventDate "2023.??.??"]

1. e4 d6 2. d4 Nf6 3. Nc3 Nbd7 4. Nf3 e5 5. Bc4 Be7 6. O-O O-O 7. a3 c6 8. h3 Qc7 9. Qe2 b5 10. Ba2 a5 11. b4 Nb6 12. Bb2 axb4 13. axb4 Be6 14. Bxe6 fxe6 15. Ng5 Rxa1 16. Rxa1 Nc4 17. Nxe6 Qc8 18. Nxf8 Nxb2 19. Nxh7 Kxh7 20. d5 Nc4 21. Ra7 Bd8 22. dxc6 Bb6 23. Re7 Kg8 24. Nd5 Kf8 25. Rb7 Qxc6 26. Rb8+ Kf7 27. Nxf6 gxf6 28. Qh5+ Ke7 29. Qh7+ Ke6 30. Qg8+ Ke7 31. Qf8+ 1-0

[Event "FB1 SV Medizin Erfurt - TuRa Harksheide"]
[Site "?"]
[Date "2023.03.12"]
[Round "8.4"]
[White "Rosmait, Emily"]
[Black "Troyke, Doreen"]
[Result "1-0"]
[WhiteElo "1901"]
[BlackElo "2001"]
[PlyCount "65"]
[EventDate "2023.??.??"]

1. e4 c5 2. Nf3 Nc6 3. Bb5 g6 4. Bxc6 dxc6 5. h3 Bg7 6. d3 Nf6 7. Be3 Nd7 8. Qc1 h6 9. Nbd2 e5 10. Nb3 Qe7 11. O-O b6 12. a4 a5 13. Nh2 Ba6 14. Nd2 O-O-O 15. f4 exf4 16. Rxf4 Nf8 17. Qf1 Rd7 18. Ng4 Ne6 19. Rf2 Nd4 20. Nf3 Nxf3+ 21. Rxf3 h5 22. Nf6 Rd6 23. Bg5 Qe6 24. Re1 c4 25. e5 Rdd8 26. Ne4 Rd7 27. Nd6+ Kb8 28. d4 Rf8 29. c3 Qd5 30. Ne4 Bc8 31. Nf6 Bxf6 32. Rxf6 Rb7 33. Rd6 1-0

[Event "FB1 SV Medizin Erfurt - TuRa Harksheide"]
[Site "?"]
[Date "2023.03.12"]
[Round "8.6"]
[White "Umpfenbach, Carolin"]
[Black "Giede, Anna-Blume"]
[Result "1-0"]
[WhiteElo "2050"]
[BlackElo "1596"]
[PlyCount "73"]
[EventDate "2023.??.??"]

1. d4 Nf6 2. c4 e6 3. Nc3 Bb4 4. Nf3 d5 5. Bg5 h6 6. Bxf6 Qxf6 7. e3 O-O 8. Rc1 Rd8 9. Qb3 Nc6 10. a3 Bxc3+ 11. Qxc3 Bd7 12. Bd3 Rac8 13. O-O a6 14. b4 Ne7 15. c5 Bb5 16. Ne5 c6 17. Ra1 Bxd3 18. Qxd3 Qf5 19. Qxf5 Nxf5 20. g4 Ne7 21. f4 Ng6 22. Nxg6 fxg6 23. h4 Rf8 24. a4 Ra8 25. Rab1 Rac8 26. Ra1 Ra8 27. Rab1 Rfc8 28. Rb3 Rab8 29. b5 axb5 30. axb5 cxb5 31. Rxb5 Rc7 32. Rfb1 Kf7 33. Rb6 Ke7 34. Kf2 Kd7 35. Rd6+ Ke7 36. Rbb6 h5 37. Rxe6+ 1-0

[Event "FB1 2223 SV Hemer 1932 - SG Solingen"]
[Site "?"]
[Date "2023.04.29"]
[Round "9.1"]
[White "Gaponenko, Inna"]
[Black "Voicu-Jagodzinsky, Carmen"]
[Result "1-0"]
[WhiteElo "2338"]
[BlackElo "2296"]
[PlyCount "93"]
[EventDate "2023.??.??"]

1. e4 c5 2. Nf3 Nc6 3. Nc3 e5 4. Bc4 Be7 5. d3 d6 6. Nd2 Nf6 7. Nf1 Nd7 8. Ne3 Nb6 9. O-O O-O 10. Ncd5 Nxd5 11. Nxd5 Be6 12. f4 exf4 13. Bxf4 Qd7 14. Qd2 Rae8 15. a3 Kh8 16. b4 Bd8 17. Bg3 f6 18. c3 Bf7 19. Kh1 Ne5 20. Ba2 b5 21. d4 cxd4 22. cxd4 Nc4 23. Bxc4 bxc4 24. Nc3 Bg6 25. Qf4 Bc7 26. d5 Re5 27. Rfe1 Rfe8 28. Qf1 Rg5 29. Bf4 Rg4 30. h3 Rh4 31. Bg3 Rh5 32. Kh2 Bb6 33. Qxc4 Rc8 34. Qb5 Qb7 35. Qd3 Qd7 36. Ne2 Bf7 37. Rac1 Re8 38. Nd4 Bxd4 39. Qxd4 Bg6 40. Rc6 f5 41. Rxd6 Qf7 42. e5 f4 43. Qxf4 Rf5 44. Qd4 Bh5 45. e6 Qg6 46. e7 Qg5 47. h4 1-0

[Event "FB1 2223 SV Hemer 1932 - SG Solingen"]
[Site "?"]
[Date "2023.04.29"]
[Round "9.2"]
[White "Kucharska, Honorata"]
[Black "Van Foreest, Machteld"]
[Result "1/2-1/2"]
[WhiteElo "2173"]
[BlackElo "2317"]
[PlyCount "43"]
[EventDate "2023.??.??"]

1. d4 d5 2. c4 c6 3. Nf3 Nf6 4. Nc3 e6 5. e3 Bd6 6. Bd3 O-O 7. O-O Nbd7 8. e4 dxc4 9. Bxc4 b5 10. Bd3 e5 11. dxe5 Nxe5 12. Nxe5 Bxe5 13. h3 Re8 14. Be3 Qe7 15. Re1 Bb7 16. Qc2 Nh5 17. Bf1 Bc7 18. Rad1 a6 19. g3 Rad8 20. Bg2 Nf6 21. a3 h6 22. b4 1/2-1/2

[Event "FB1 2223 SV Hemer 1932 - SG Solingen"]
[Site "?"]
[Date "2023.04.29"]
[Round "9.3"]
[White "Muetsch, Annmarie"]
[Black "Hess, Olena"]
[Result "1/2-1/2"]
[WhiteElo "2239"]
[BlackElo "2055"]
[PlyCount "28"]
[EventDate "2023.??.??"]

1. Nf3 d6 2. d4 Bg4 3. e4 Nf6 4. Nc3 e6 5. Qd3 a6 6. Be2 Be7 7. O-O O-O 8. a3 d5 9. exd5 exd5 10. Ne5 Bxe2 11. Qxe2 Nbd7 12. Qf3 c6 13. Re1 Re8 14. Bg5 Nf8 1/2-1/2

[Event "FB1 2223 SV Hemer 1932 - SG Solingen"]
[Site "?"]
[Date "2023.04.29"]
[Round "9.4"]
[White "Trunz, Elena"]
[Black "Kononenko, Tatiana"]
[Result "1/2-1/2"]
[WhiteElo "2123"]
[BlackElo "2333"]
[PlyCount "89"]
[EventDate "2023.??.??"]

1. e4 e6 2. d4 d5 3. Nd2 c5 4. exd5 exd5 5. Ngf3 Nf6 6. c3 Nc6 7. dxc5 Bxc5 8. Nb3 Bb6 9. Be2 Ne4 10. O-O O-O 11. Nbd4 Bg4 12. Be3 Qf6 13. Nc2 Ne7 14. a4 a5 15. Ra3 Bc7 16. Nfd4 Bxe2 17. Qxe2 Ra6 18. Qg4 Ng6 19. f4 Qd8 20. Nf5 Nf6 21. Qf3 Bb6 22. Ncd4 Qd7 23. g3 Re8 24. Rd1 Nf8 25. g4 g6 26. Nh6+ Kh8 27. Kh1 Ne6 28. Nc2 Bxe3 29. Nxe3 d4 30. Nc4 Qd5 31. Qxd5 Nxd5 32. Nxf7+ Kg7 33. Nfd6 Rd8 34. f5 Ne3 35. Nxe3 dxe3 36. fxe6 Raxd6 37. Rxd6 Rxd6 38. Kg2 Rxe6 39. Kf1 Kf6 40. Rb3 Kg5 41. Rxb7 Kxg4 42. Rxh7 Rb6 43. Ke2 Rxb2+ 44. Kxe3 Ra2 45. Ke4 1/2-1/2

[Event "FB1 2223 SV Hemer 1932 - SG Solingen"]
[Site "?"]
[Date "2023.04.29"]
[Round "9.5"]
[White "Zozulia, Anna"]
[Black "Dartmann Aubanell, Catriona"]
[Result "1-0"]
[WhiteElo "2238"]
[BlackElo "1872"]
[PlyCount "95"]
[EventDate "2023.??.??"]

1. e4 e6 2. d4 d5 3. Nd2 c5 4. exd5 Qxd5 5. Ngf3 cxd4 6. Bc4 Qd6 7. O-O Nf6 8. Nb3 Nc6 9. Nbxd4 Nxd4 10. Qxd4 Qxd4 11. Nxd4 Be7 12. Re1 O-O 13. Bg5 h6 14. Bh4 Rd8 15. c3 Nd5 16. Bg3 Bc5 17. Nb3 Bd6 18. Rad1 Bxg3 19. hxg3 Kf8 20. Re5 f6 21. Rh5 Ke7 22. Bxd5 Rxd5 23. Rhxd5 exd5 24. Rxd5 Be6 25. Rd4 b6 26. f3 Rd8 27. Rxd8 Kxd8 28. Nc1 Kc7 29. Kf2 Kd6 30. Ke3 Bc4 31. g4 Bf7 32. Kd4 h5 33. gxh5 Bxh5 34. c4 a5 35. b3 g5 36. Ne2 g4 37. f4 Bg6 38. g3 Bb1 39. Nc3 Bc2 40. Nd5 Bb1 41. a3 Ba2 42. Nxf6 Bxb3 43. Nxg4 Ke6 44. Ne3 Ba4 45. Nd5 Kf5 46. Nxb6 Be8 47. Nd5 Ba4 48. Ne3+ 1-0

[Event "FB1 2223 SV Hemer 1932 - SG Solingen"]
[Site "?"]
[Date "2023.04.29"]
[Round "9.6"]
[White "Trunz, Michelle"]
[Black "Bashylina, Luisa"]
[Result "1/2-1/2"]
[WhiteElo "2039"]
[BlackElo "2103"]
[PlyCount "217"]
[EventDate "2023.??.??"]

1. d4 Nf6 2. c4 g6 3. Nc3 d5 4. cxd5 Nxd5 5. e4 Nxc3 6. bxc3 Bg7 7. Be3 c5 8. Qd2 Qa5 9. Rc1 O-O 10. Bc4 Rd8 11. Ne2 Nc6 12. Bd5 cxd4 13. cxd4 Qxd2+ 14. Kxd2 Nxd4 15. Bxd4 e6 16. Bxb7 Bxb7 17. Ke3 e5 18. Ba1 Bh6+ 19. f4 Re8 20. Rc4 f5 21. Kf2 exf4 22. e5 Rad8 23. Rc7 Be4 24. Bd4 Bd3 25. Rd1 Bxe2 26. Kxe2 Bg7 27. Bc3 Rc8 28. Rxc8 Rxc8 29. Rd3 g5 30. Kd2 Re8 31. Rd5 Re7 32. a4 Kf7 33. Kd3 Rc7 34. a5 Ke6 35. Rb5 Bf8 36. Bd4 Be7 37. Rb8 Rd7 38. Kc4 Rd5 39. Rb5 Rd7 40. a6 Rc7+ 41. Kd3 Rc6 42. Bxa7 Rxa6 43. Bd4 h5 44. Bc3 Rc6 45. Rb7 h4 46. Rb8 Ra6 47. Re8 Kf7 48. Rh8 Ra2 49. Rh7+ Ke6 50. Rh6+ Kd5 51. Rh7 Bc5 52. Rd7+ Kc6 53. e6 Rxg2 54. Be5 Rxh2 55. Rc7+ Kd5 56. Rxc5+ Kxe6 57. Bd4 Rg2 58. Re5+ Kd6 59. Rxf5 h3 60. Rf6+ Kd5 61. Rf5+ Ke6 62. Rf6+ Ke7 63. Rh6 g4 64. Ke4 f3 65. Kf4 h2 66. Bc5+ Kd7 67. Be3 g3 68. Kxf3 Rg1 69. Bf4 h1=Q+ 70. Rxh1 Rxh1 71. Bxg3 Ke6 72. Ke4 Rb1 73. Bf2 Rb4+ 74. Bd4 Ra4 75. Ke3 Kd5 76. Bb2 Rb4 77. Bg7 Rg4 78. Ba1 Rg3+ 79. Kf4 Rg1 80. Bh8 Rf1+ 81. Ke3 Re1+ 82. Kf4 Kc4 83. Bg7 Kd3 84. Kf5 Rf1+ 85. Ke6 Ke4 86. Kd6 Rf5 87. Bb2 Rb5 88. Bh8 Rd5+ 89. Kc6 Ra5 90. Bc3 Ra6+ 91. Kc5 Ra8 92. Bg7 Rc8+ 93. Kd6 Rg8 94. Bb2 Rd8+ 95. Kc5 Rc8+ 96. Kd6 Kf5 97. Bg7 Ra8 98. Bc3 Rd8+ 99. Kc5 Rc8+ 100. Kd4 Kf4 101. Bd2+ Kf3 102. Bc3 Rd8+ 103. Kc5 Ke4 104. Bg7 Rd5+ 105. Kc6 Ra5 106. Bh8 Kd3 107. Kd6 Kc4 108. Ke6 Re5+ 109. Bxe5 {Kd4 Kd5+} 1/2-1/2

[Event "FB1 2223 SV Medizin Erfurt - SC 1957 Ba"]
[Site "?"]
[Date "2023.04.29"]
[Round "9.1"]
[White "Schneider, Jana"]
[Black "Nguyen, Ha Thanh"]
[Result "1-0"]
[WhiteElo "2289"]
[BlackElo "1976"]
[PlyCount "73"]
[EventDate "2023.??.??"]

1. e4 c5 2. Nf3 e6 3. d4 cxd4 4. Nxd4 a6 5. Bd3 Qc7 6. Qe2 d6 7. c4 Nd7 8. Nc3 Ne5 9. Be3 Nxd3+ 10. Qxd3 Nf6 11. h3 b6 12. O-O Bb7 13. Rac1 Be7 14. Nde2 Nd7 15. b3 O-O 16. Ng3 Qc6 17. f3 Rad8 18. Rfd1 Nc5 19. Qe2 a5 20. Qc2 Qc7 21. Nge2 Bf6 22. a3 Qe7 23. b4 axb4 24. axb4 Na6 25. Bxb6 Rc8 26. Qb3 Rc6 27. Be3 Rfc8 28. Na4 d5 29. c5 R6c7 30. Nec3 dxe4 31. Nxe4 Bxe4 32. fxe4 Rb8 33. b5 Bg5 34. Bxg5 Qxg5 35. c6 h6 36. b6 Rcc8 37. b7 1-0

[Event "FB1 2223 SV Medizin Erfurt - SC 1957 Ba"]
[Site "?"]
[Date "2023.04.29"]
[Round "9.2"]
[White "Reuter, Elisa"]
[Black "Babiy, Olga"]
[Result "0-1"]
[WhiteElo "1944"]
[BlackElo "2308"]
[PlyCount "84"]
[EventDate "2023.??.??"]

1. e4 c5 2. Nf3 d6 3. d4 cxd4 4. Nxd4 Nf6 5. Nc3 a6 6. Be2 Nbd7 7. Nb3 g6 8. Be3 Bg7 9. O-O O-O 10. f4 b5 11. a3 Bb7 12. Bf3 Qc7 13. Qe2 e5 14. g3 Rfe8 15. Qg2 Rac8 16. Rad1 exf4 17. gxf4 Qb8 18. Rfe1 Rxc3 19. bxc3 Bxe4 20. Bd4 d5 21. Be3 Bh6 22. Nd2 Bxc2 23. Rc1 Be4 24. Bxe4 dxe4 25. Rcd1 Qc7 26. Qh3 Bxf4 27. Bxf4 Qxf4 28. Qg3 Qf5 29. Nb3 Nh5 30. Qf2 Nf4 31. Kh1 Nf6 32. Nd4 Qe5 33. Rf1 g5 34. Ne2 N6d5 35. Nxf4 Nxf4 36. Qd4 e3 37. Qxe5 Rxe5 38. Rfe1 e2 39. Rd2 Re3 40. Rc2 Rd3 41. Rexe2 Nxe2 42. Rxe2 Rxc3 0-1

[Event "FB1 2223 SV Medizin Erfurt - SC 1957 Ba"]
[Site "?"]
[Date "2023.04.29"]
[Round "9.3"]
[White "Radeva, Viktoria"]
[Black "Mueller-Ludwig, Kristin"]
[Result "1-0"]
[WhiteElo "2278"]
[BlackElo "2021"]
[PlyCount "81"]
[EventDate "2023.??.??"]

1. e4 e6 2. d4 d5 3. e5 c5 4. c3 Nc6 5. Nf3 Qb6 6. Bd3 Bd7 7. dxc5 Bxc5 8. O-O f6 9. b4 Be7 10. Bf4 fxe5 11. Nxe5 Nxe5 12. Bxe5 Nf6 13. Qe2 O-O 14. Nd2 Bd6 15. Bd4 Qc7 16. Nf3 Ng4 17. Bxh7+ Kxh7 18. Ng5+ Kg6 19. Qxg4 Bxh2+ 20. Kh1 Qf4 21. Qxf4 Bxf4 22. Nf3 Rh8+ 23. Kg1 Rh5 24. g3 Bd6 25. Rfe1 Rah8 26. Be5 Be7 27. Kg2 Bf6 28. Re3 Bc6 29. g4 R5h7 30. Bd4 e5 31. Nxe5+ Bxe5 32. Rxe5 Rh2+ 33. Kf3 R2h3+ 34. Kf4 Rf8+ 35. Rf5 Rxf5+ 36. gxf5+ Kf7 37. Rg1 a6 38. Rxg7+ Kf8 39. Rc7 Rh4+ 40. Kg5 Re4 41. f6 1-0

[Event "FB1 2223 SV Medizin Erfurt - SC 1957 Ba"]
[Site "?"]
[Date "2023.04.29"]
[Round "9.4"]
[White "Anisheva, Varvara"]
[Black "Schoene, Maria"]
[Result "0-1"]
[WhiteElo "2078"]
[BlackElo "2188"]
[PlyCount "64"]
[EventDate "2023.??.??"]

1. e4 d6 2. d4 Nf6 3. Bd3 e5 4. c3 d5 5. dxe5 Nxe4 6. Bxe4 dxe4 7. Qxd8+ Kxd8 8. Be3 Nd7 9. f4 Nc5 10. Bxc5 Bxc5 11. Nd2 Bf5 12. h3 h5 13. g3 Ke7 14. Ne2 Rad8 15. Nb3 Bb6 16. Nbd4 g6 17. a4 a6 18. a5 Ba7 19. O-O-O f6 20. exf6+ Kxf6 21. c4 Bc5 22. Nc2 Rxd1+ 23. Kxd1 Rd8+ 24. Kc1 e3 25. b4 Rd2 26. bxc5 Rxc2+ 27. Kd1 Rxc4 28. Nc1 Rxc5 29. Ke2 Rxa5 30. Kxe3 Ra3+ 31. Kf2 Ra1 32. g4 hxg4 0-1

[Event "FB1 2223 SV Medizin Erfurt - SC 1957 Ba"]
[Site "?"]
[Date "2023.04.29"]
[Round "9.5"]
[White "Kalinina, Larisa"]
[Black "Troyke, Doreen"]
[Result "1-0"]
[WhiteElo "2119"]
[BlackElo "1969"]
[PlyCount "51"]
[EventDate "2023.??.??"]

1. e4 c5 2. Nf3 d6 3. d4 cxd4 4. Nxd4 Nf6 5. Nc3 a6 6. h3 e6 7. g4 Be7 8. Bg2 O-O 9. O-O Qc7 10. g5 Nfd7 11. a4 Nc6 12. Nde2 Rd8 13. f4 Rb8 14. f5 Nde5 15. f6 Bf8 16. fxg7 Bxg7 17. Nf4 b5 18. Nh5 Qb6+ 19. Kh1 Qd4 20. Qe1 b4 21. Ne2 Qc5 22. Nxg7 Kxg7 23. Qh4 Ng6 24. Qh6+ Kg8 25. Ng3 Qe5 26. Nh5 1-0

[Event "FB1 2223 SV Medizin Erfurt - SC 1957 Ba"]
[Site "?"]
[Date "2023.04.29"]
[Round "9.6"]
[White "Ulrich, Helena Irene"]
[Black "Grineva, Marianna"]
[Result "0-1"]
[WhiteElo "1609"]
[BlackElo "2005"]
[PlyCount "46"]
[EventDate "2023.??.??"]

1. e4 d6 2. d4 Nf6 3. Nc3 g6 4. f4 Bg7 5. Nf3 c5 6. dxc5 Qa5 7. Qd3 O-O 8. Qb5 Qc7 9. cxd6 exd6 10. Bd2 Na6 11. O-O-O Nc5 12. e5 dxe5 13. Nxe5 a6 14. Qe2 b5 15. Be3 Re8 16. Bxc5 Qxc5 17. Qd2 Bh6 18. Nd3 Qc7 19. g3 Bf5 20. Be2 Rac8 21. Rhg1 Red8 22. a3 Bf8 23. Nb1 Ne4 0-1

[Event "FB1 2223 Rodewischer Schachmiezen - SV "]
[Site "?"]
[Date "2023.04.29"]
[Round "9.1"]
[White "Cyfka, Karina"]
[Black "Sieber, Fiona"]
[Result "1-0"]
[WhiteElo "2354"]
[BlackElo "2217"]
[PlyCount "97"]
[EventDate "2023.??.??"]

1. d4 Nf6 2. c4 e6 3. Nc3 Bb4 4. e3 O-O 5. Bd2 d5 6. Nf3 b6 7. cxd5 exd5 8. Bd3 Re8 9. Ne5 Bb7 10. O-O Be7 11. f4 c5 12. Qf3 Nc6 13. Ne2 Ne4 14. Bc3 f6 15. Ng4 cxd4 16. exd4 Nb4 17. Bb1 Ba6 18. Re1 Bf8 19. a3 Nc6 20. Bc2 Rc8 21. Ne3 Na5 22. Ba4 Bxe2 23. Rxe2 Nxc3 24. bxc3 Re6 25. Qg4 Re4 26. Bc2 Re8 27. Rae1 Rxc3 28. Nf5 Rxe2 29. Nh6+ Kh8 30. Nf7+ Kg8 31. Nh6+ Kh8 32. Nf7+ Kg8 33. Nxd8 Rxe1+ 34. Kf2 Rce3 35. Bd3 g6 36. Qd7 Re7 37. Qxd5+ Kg7 38. f5 Rd1 39. Be2 Rd2 40. Ne6+ Kf7 41. g4 Bh6 42. h4 Rc2 43. g5 Bg7 44. Nf4+ Ke8 45. Kf3 Rc3+ 46. Kg4 gxf5+ 47. Kh5 Kf8 48. g6 Rce3 49. gxh7 1-0

[Event "FB1 2223 Rodewischer Schachmiezen - SV "]
[Site "?"]
[Date "2023.04.29"]
[Round "9.2"]
[White "Lubbe, Melanie"]
[Black "Jaracz, Barbara"]
[Result "1-0"]
[WhiteElo "2246"]
[BlackElo "2178"]
[PlyCount "71"]
[EventDate "2023.??.??"]

1. e4 e5 2. Nf3 Nc6 3. Bc4 Bc5 4. c3 Nf6 5. d3 d6 6. O-O O-O 7. Bg5 h6 8. Bh4 g5 9. Bg3 Kg7 10. Re1 Bb6 11. a4 a6 12. Nbd2 Ng8 13. Nf1 f5 14. exf5 Bxf5 15. Ne3 Bg6 16. d4 Bh5 17. Be2 exd4 18. Nxd4 Nxd4 19. Bxh5 Nf5 20. Nxf5+ Rxf5 21. a5 Bxa5 22. Qd3 Qf8 23. Bg4 Rb5 24. Bd7 Bb6 25. Bxb5 axb5 26. Rxa8 Qxa8 27. Qxb5 Nf6 28. Qf5 Qf8 29. h4 Nh5 30. Qd7+ Kg6 31. Re6+ Nf6 32. hxg5 hxg5 33. Qb5 Kf7 34. Re2 d5 35. Be5 Qd8 36. Qd3 1-0

[Event "FB1 2223 Rodewischer Schachmiezen - SV "]
[Site "?"]
[Date "2023.04.29"]
[Round "9.3"]
[White "Hincu, Olga"]
[Black "Movsesian, Julia"]
[Result "0-1"]
[WhiteElo "2114"]
[BlackElo "2239"]
[PlyCount "54"]
[EventDate "2023.??.??"]

1. d4 Nf6 2. c4 c6 3. Nf3 d5 4. e3 Bf5 5. Nc3 e6 6. Nh4 Be4 7. f3 Bg6 8. Qb3 Qc7 9. Bd2 a5 10. Rc1 Be7 11. cxd5 Nxd5 12. Nxg6 hxg6 13. Nxd5 exd5 14. Qxd5 Rxh2 15. Rxh2 Qg3+ 16. Kd1 cxd5 17. Rh8+ Kd7 18. Rcc8 Ke6 19. e4 Qf2 20. exd5+ Kf6 21. Bd3 Bb4 22. Bc3 Qg1+ 23. Kc2 Qxg2+ 24. Kb3 Qxf3 25. d6 Qxd3 26. d7 Nxd7 27. Rxa8 Nb6 0-1

[Event "FB1 2223 Rodewischer Schachmiezen - SV "]
[Site "?"]
[Date "2023.04.29"]
[Round "9.4"]
[White "Sliwicka, Alicja"]
[Black "Wagenschuetz, Evelyn"]
[Result "1-0"]
[WhiteElo "2289"]
[BlackElo "2089"]
[PlyCount "63"]
[EventDate "2023.??.??"]

1. e4 c5 2. Nf3 d6 3. d4 cxd4 4. Nxd4 Nf6 5. Nc3 a6 6. h3 e5 7. Nb3 h5 8. Bg5 Be6 9. f4 exf4 10. Qd2 Nc6 11. Be2 Ne5 12. Nd4 Rc8 13. Qxf4 Be7 14. Nxe6 fxe6 15. Qd2 Qb6 16. O-O-O O-O 17. Be3 Qc6 18. Qd4 b5 19. Rhg1 Rf7 20. g4 hxg4 21. hxg4 Nc4 22. g5 Nxe4 23. g6 Rf5 24. Bxc4 d5 25. Nxd5 Rxd5 26. Qxd5 Qxc4 27. Qxc4 Rxc4 28. Rd4 Bf6 29. Rxc4 bxc4 30. Rg4 Nd6 31. Bc5 Nf5 32. Rxc4 1-0

[Event "FB1 2223 Rodewischer Schachmiezen - SV "]
[Site "?"]
[Date "2023.04.29"]
[Round "9.5"]
[White "Schulz, Petra"]
[Black "Hagarova, Zuzana"]
[Result "0-1"]
[WhiteElo "2001"]
[BlackElo "2287"]
[PlyCount "114"]
[EventDate "2023.??.??"]

1. e4 c5 2. Nf3 Nc6 3. d4 cxd4 4. Nxd4 e5 5. Nb5 d6 6. N1c3 a6 7. Na3 Be6 8. Nc4 Rb8 9. a4 Nf6 10. Bg5 Nd4 11. Bd3 Be7 12. Bxf6 Bxf6 13. Ne3 g6 14. Ncd5 Bg7 15. a5 O-O 16. c3 Nc6 17. b4 f5 18. Nb6 f4 19. Ned5 Qg5 20. g3 fxg3 21. hxg3 Rf7 22. Ne3 Rbf8 23. Qd2 Bh6 24. Nbc4 Kh8 25. Nd1 Qxd2+ 26. Nxd2 Kg7 27. Rh2 d5 28. exd5 Bxd5 29. Ne4 Rd8 30. Nc5 Re7 31. Be4 Bc4 32. Ne3 Bf7 33. Rd1 Bg5 34. Bxc6 Rxd1+ 35. Kxd1 bxc6 36. Nxa6 Rd7+ 37. Kc2 Be7 38. Rh1 Ra7 39. Nb8 Be8 40. Nc4 Ra8 41. Nxc6 Bxc6 42. Re1 e4 43. f3 Rc8 44. Nb6 Re8 45. fxe4 Bd6 46. Kd3 Bxg3 47. Re2 h5 48. Nd5 h4 49. Rg2 Bd6 50. Rg1 h3 51. Rh1 h2 52. c4 g5 53. b5 Bxd5 54. exd5 g4 55. c5 g3 56. cxd6 g2 57. Rxh2 g1=Q 0-1